000 00795nam a2200193Ii 4500
003 JO-AjNU
008 230605s9999||||xx |||||||||||||| ||und||
040 _aJO-AjNU
_bara
_erda
_cJO-AjNU
041 _aara
050 1 4 _aDF214 1977
100 3 _aتاليف بتري، آ ؛ ترجمة يوئيل يوسف عزيز,
_eauthor
_957151
245 0 0 _aمدخل الى تاريخ الإغريق و أدبهم و آثارهم = An Introduction to Greek History Antiquities and Literature
264 3 1 _aالموصل: مؤسسة دار الكتب للطباعة والنشر، 1977
300 _a121ص
336 _atext
_btxt
_2rdacontent
337 _aunmediated
_bn
_2rdamedia
338 _avolume
_bnc
_2rdacarrier
650 4 _aالتاريخ القديم- الحضارة الاغريقية
_957152
999 _aA25593
_c29161
_d29161